[Event "Xtracon Chess Open 2018"]
[Site "Elsinore"]
[Date "2018.07.25"]
[Round "6"]
[White "Jensen, Johannes Frank"]
[Black "Horslund, Mikael"]
[Result "0-1"]
[WhiteElo "1354"]
[BlackElo "1714"]
[EventDate "2018.07.21"]
[WhiteFideId "1457942"]
[BlackFideId "1421042"]

1.d4 f5 2.Nc3 Nf6 3.Nf3 g6 4.Bf4 Bg7 5.e3 O-O 6.Bc4+ Kh8 7.O-O d5 8.Bd3 
Be6 9.Ng5 Bg8 10.Qf3 h6 11.Qh3 Nh5 12.Be5 Nf6 13.Bf4 Nc6 14.Nf3 Nh5 15.Be5
Nxe5 16.Nxe5 Bxe5 17.dxe5 e6 18.Be2 a6 19.Bxh5 gxh5 20.Qxh5 Kh7 21.Rad1 c5
22.Na4 Qa5 23.Nc3 b5 24.Nxd5 exd5 25.Rxd5 Bxd5 26.a3 Ra7 27.Rd1 Rg7 28.g3 
Rg5 29.Qh3 Bf3 30.Rd7+ Rg7 31.Rd6 Qe1+ 32.Qf1 Qxf1+ 33.Kxf1 Re7 34.Rxa6 
Rxe5 35.Ra7+ Kg8 36.Ra6 Rd8 37.Ra8 Rd5 38.Rxd8+ Rxd8 39.Ke1 Rd1# 0-1

[Event "Xtracon Chess Open 2018"]
[Site "Elsinore"]
[Date "2018.07.25"]
[Round "6"]
[White "Wahlgreen, Noah"]
[Black "Schjolin, John"]
[Result "1-0"]
[WhiteElo "1568"]
[BlackElo "1160"]
[EventDate "2018.07.21"]
[WhiteFideId "1457349"]
[BlackFideId "1439413"]

1.e4 e5 2.Nf3 Nc6 3.Bc4 f6 4.O-O Bc5 5.c3 a6 6.d4 b5 7.Bd5 Bb7 8.dxc5 Nge7
9.Bb3 Na5 10.Be3 Bxe4 11.Nbd2 Nxb3 12.Qxb3 Bd5 13.c4 bxc4 14.Nxc4 Rb8 15.
Qa4 c6 16.Nd6+ Kf8 17.Bd2 Nc8 18.Ba5 Qe7 19.Bc7 Ra8 20.Nxc8 1-0

[Event "Xtracon Chess Open 2018"]
[Site "Elsinore"]
[Date "2018.07.25"]
[Round "6"]
[White "Thybo, Jan"]
[Black "Morling, Aase"]
[Result "0-1"]
[WhiteElo "1272"]
[BlackElo "1476"]
[EventDate "2018.07.21"]
[WhiteFideId "1438824"]
[BlackFideId "1440993"]

1.e4 e5 2.Nf3 Nc6 3.Bc4 Bc5 4.O-O Nf6 5.Nc3 O-O 6.a3 d6 7.b4 Bb6 8.d3 a6 
9.Be3 Bg4 10.Bxb6 cxb6 11.h3 Bxf3 12.Qxf3 Nd4 13.Qd1 b5 14.Ba2 Rc8 15.Qd2 
Qc7 16.Nd5 Nxd5 17.Bxd5 Qxc2 18.Qxc2 Nxc2 19.Rac1 Nd4 20.Bxb7 Ne2+ 21.Kh2 
Rxc1 0-1

[Event "Xtracon Chess Open 2018"]
[Site "Elsinore"]
[Date "2018.07.26"]
[Round "7"]
[White "Agdestein, Simen"]
[Black "Hammer, Jon Ludvig"]
[Result "1/2-1/2"]
[WhiteElo "2581"]
[BlackElo "2631"]
[EventDate "2018.07.21"]
[WhiteFideId "1500015"]
[BlackFideId "1503707"]

1.c4 e5 2.Nc3 Nf6 3.Nf3 Nc6 4.e3 Bb4 5.Qc2 Bxc3 6.Qxc3 Qe7 7.b3 d5 8.d4 
Bf5 9.dxe5 Ne4 10.Qb2 O-O-O 11.a3 Nc5 12.b4 Nd3+ 13.Bxd3 Bxd3 14.b5 Nb8 
15.c5 Qxc5 16.a4 d4 17.exd4 Qd5 18.Be3 b6 19.Rc1 Be4 20.Qe2 Kb7 21.O-O c6 
22.Rfd1 Rhe8 23.Ng5 Bf5 24.Qf3 Qxf3 25.gxf3 Be6 26.Ne4 Bd5 27.Nd6+ Rxd6 
28.exd6 Rd8 29.Bf4 g5 30.Be5 Nd7 31.Rd3 h5 32.h3 a5 33.bxc6+ Bxc6 34.Ra3 
Bd5 35.h4 gxh4 36.Kh2 f6 37.Bf4 Nf8 38.Rc7+ Ka6 39.Rac3 Ne6 40.Rc8 Rxc8 
41.Rxc8 Nxf4 42.d7 Ne6 43.Re8 Bc6 44.Rxe6 Bxd7 45.Rxf6 Bxa4 46.d5 Bb5 47.
f4 a4 48.f5 a3 49.Rg6 Bd3 50.Rg1 Bxf5 51.Ra1 Kb5 52.Rxa3 Kc5 53.Ra6 Bc8 
54.d6 Bd7 55.f3 b5 56.Ra8 Kxd6 1/2-1/2

[Event "Xtracon Chess Open 2018"]
[Site "Elsinore"]
[Date "2018.07.26"]
[Round "7"]
[White "Keymer, Vincent"]
[Black "Svane, Rasmus"]
[Result "1/2-1/2"]
[WhiteElo "2466"]
[BlackElo "2580"]
[EventDate "2018.07.21"]
[WhiteFideId "12940690"]
[BlackFideId "4657101"]

1.d4 Nf6 2.c4 e6 3.Nf3 d5 4.Nc3 c6 5.e3 Nbd7 6.Qc2 Bd6 7.Bd3 O-O 8.O-O 
dxc4 9.Bxc4 e5 10.h3 Qe7 11.Bb3 Bc7 12.Bd2 h6 13.Nh4 exd4 14.exd4 Qd6 15.
Nf3 Nb6 16.Rfe1 Nbd5 17.Na4 Nf4 18.Nc5 N6d5 19.Qe4 Ne6 20.Rac1 Bb6 21.Qc2 
Bc7 22.Qd3 Ndf4 23.Bxf4 Nxf4 24.Qe4 Qf6 25.Ne5 Bxe5 26.dxe5 Qg5 27.h4 Qf5 
28.Qxf5 Bxf5 29.Rc4 Nd3 30.Nxd3 Bxd3 31.Rd4 Bf5 32.Red1 Rfe8 33.g4 Be6 34.
Bxe6 Rxe6 35.Rd8+ Rxd8 36.Rxd8+ Kh7 37.Rd7 Rxe5 38.Rxb7 Re4 39.f3 Ra4 40.
a3 h5 41.gxh5 f6 42.Kg2 Rxh4 43.Rxa7 Rxh5 44.a4 Rh4 45.b3 Rb4 46.Rc7 Rxb3 
47.Rxc6 Ra3 48.Ra6 g5 49.Rxf6 1/2-1/2

[Event "Xtracon Chess Open 2018"]
[Site "Elsinore"]
[Date "2018.07.26"]
[Round "7"]
[White "Vitiugov, Nikita"]
[Black "Hjartarson, Johann"]
[Result "1-0"]
[WhiteElo "2734"]
[BlackElo "2523"]
[EventDate "2018.07.21"]
[WhiteFideId "4152956"]
[BlackFideId "2300044"]

1.d4 Nf6 2.c4 g6 3.Nc3 Bg7 4.e4 d6 5.f3 O-O 6.Be3 Nc6 7.Nge2 a6 8.Qd2 Rb8 
9.Rc1 Bd7 10.Nd1 b5 11.c5 Ne8 12.Nf2 e6 13.g3 f5 14.Bg2 Nf6 15.O-O Kh8 16.
b3 d5 17.e5 Ng8 18.g4 b4 19.Nd3 a5 20.Bg5 Qe8 21.Nf2 Qf7 22.Nh3 Ra8 23.Be3
h6 24.Nf2 Kh7 25.Nd3 Nge7 26.h4 Rfb8 27.Nb2 Na7 28.Ng3 Nb5 29.h5 Nc3 30.
Nd3 Bb5 31.hxg6+ Nxg6 32.gxf5 exf5 33.Nf4 Bxf1 34.Bxf1 Nh4 35.Kf2 a4 36.
Bd3 axb3 37.axb3 Ra2 38.Bc2 Rba8 39.Nd3 Ne4+ 40.fxe4 fxe4+ 41.Nf4 Ng6 42.
Nh5 Nxf4 43.Nxf4 Qf5 44.Ke1 c6 45.Qxb4 Qg4 46.Kd2 Qf3 47.Ne2 Rb2 48.Qc3 
Raa2 49.b4 h5 50.Bf4 Qg4 51.Qe3 h4 52.Qf2 Rxb4 53.Rg1 Qh3 54.Be3 Rbb2 55.
Rc1 Kg8 56.Nc3 Ra8 57.Rg1 Rf8 58.Qg2 Qxg2+ 59.Rxg2 h3 60.Rg1 h2 61.Rh1 Bh6
62.Bxh6 Rf2+ 63.Ne2 Rxc2+ 64.Kxc2 Rxe2+ 65.Kc3 Rf2 66.e6 Rf3+ 67.Kb4 Rf2 
68.Ka5 Rf6 69.e7 1-0

[Event "Xtracon Chess Open 2018"]
[Site "Elsinore"]
[Date "2018.07.26"]
[Round "7"]
[White "Saric, Ivan"]
[Black "Delorme, Axel"]
[Result "1/2-1/2"]
[WhiteElo "2689"]
[BlackElo "2515"]
[EventDate "2018.07.21"]
[WhiteFideId "14508150"]
[BlackFideId "632023"]

1.e4 e5 2.Nf3 Nc6 3.Bb5 a6 4.Ba4 Nf6 5.O-O Be7 6.Re1 b5 7.Bb3 d6 8.c3 O-O 
9.h3 Na5 10.Bc2 c5 11.d4 Nd7 12.Nbd2 exd4 13.cxd4 Nc6 14.d5 Nce5 15.a4 Rb8
16.axb5 axb5 17.Nxe5 Nxe5 18.f4 Ng6 19.Nf3 Bh4 20.Rf1 Bg3 21.f5 Ne5 22.Ng5
h6 23.f6 gxf6 24.Nf3 Kg7 25.Nxe5 Bxe5 26.Ra3 b4 27.Qh5 bxa3 28.Bxh6+ Kg8 
29.bxa3 Re8 30.h4 Rb2 31.Rf5 Bxf5 32.exf5 Kh8 33.Bf8+ Kg8 34.Bh6 Kh8 35.
Bf8+ 1/2-1/2

[Event "Xtracon Chess Open 2018"]
[Site "Elsinore"]
[Date "2018.07.26"]
[Round "7"]
[White "Hector, Jonny"]
[Black "Maze, Sebastien"]
[Result "1/2-1/2"]
[WhiteElo "2499"]
[BlackElo "2628"]
[EventDate "2018.07.21"]
[WhiteFideId "1700090"]
[BlackFideId "613762"]

1.e4 c5 2.Nf3 Nc6 3.Nc3 Nf6 4.Bb5 Qc7 5.d3 d6 6.O-O e6 7.Re1 Nd7 8.Bf4 
Nce5 9.d4 cxd4 10.Qxd4 f6 11.Rad1 a6 12.Bf1 Nxf3+ 13.gxf3 Ne5 14.Re3 Bd7 
15.Na4 Bc6 16.Nb6 Rd8 17.b4 g5 18.Bg3 Bg7 19.Bxe5 fxe5 20.Qc4 Kf7 21.Nd5 
Qd7 22.Nb6 Qc7 23.Nd5 Qd7 24.Nb6 Qc7 1/2-1/2

[Event "Xtracon Chess Open 2018"]
[Site "Elsinore"]
[Date "2018.07.26"]
[Round "7"]
[White "Bekker-Jensen, Simon"]
[Black "Hansen, Sune Berg"]
[Result "1/2-1/2"]
[WhiteElo "2483"]
[BlackElo "2584"]
[EventDate "2018.07.21"]
[WhiteFideId "1403613"]
[BlackFideId "1400266"]

1.d4 Nf6 2.c4 e6 3.Nc3 Bb4 4.Nf3 b6 5.g3 Bb7 6.Bg2 O-O 7.O-O Bxc3 8.bxc3 
d6 9.Re1 Nbd7 10.a4 Re8 11.a5 h6 12.Nd2 Bxg2 13.Kxg2 e5 14.e4 Nf8 15.f3 
Ng6 16.Nf1 c6 17.Ne3 d5 18.cxd5 cxd5 19.Nxd5 Nxd5 20.exd5 Qxd5 21.dxe5 
Qxd1 22.Rxd1 Nxe5 23.axb6 axb6 24.Rxa8 Rxa8 25.Be3 Nc4 26.Bd4 Ra2+ 27.Kh3 
f5 28.Rf1 Kf7 29.Rf2 Rxf2 30.Bxf2 b5 31.Bd4 g6 32.g4 Ke6 33.Kg3 Ne5 34.h3 
Nc6 35.Bg7 fxg4 36.fxg4 h5 37.gxh5 gxh5 38.Kf4 Kf7 39.Bh8 Kg8 40.Bf6 Kf7 
41.Kg5 b4 42.c4 Ke6 43.Ba1 Na5 44.Kxh5 Nxc4 1/2-1/2

[Event "Xtracon Chess Open 2018"]
[Site "Elsinore"]
[Date "2018.07.26"]
[Round "7"]
[White "Chatalbashev, Boris"]
[Black "Thybo, Jesper Sondergaard"]
[Result "1-0"]
[WhiteElo "2543"]
[BlackElo "2497"]
[EventDate "2018.07.21"]
[WhiteFideId "2900440"]
[BlackFideId "1438832"]

1.d4 Nf6 2.Nf3 d5 3.c4 e6 4.Nc3 Bb4 5.Qa4+ Nc6 6.e3 O-O 7.Bd2 dxc4 8.Bxc4 
a6 9.Qc2 Bd6 10.a3 Qe7 11.O-O e5 12.Ng5 g6 13.d5 Nb8 14.e4 c6 15.Rfe1 b5 
16.Ba2 cxd5 17.Nxd5 Nxd5 18.Bxd5 Bb7 19.Bxb7 Qxb7 20.Qd3 Nc6 21.Qxd6 Rad8 
22.Qf6 Rxd2 23.Nxh7 Rfd8 24.Rac1 R8d6 25.Qh4 Qe7 26.Ng5 f6 27.Nf3 Rxb2 28.
Qg4 Kh7 29.Qc8 Qe6 30.Qxa6 Nd4 31.Rc7+ Kh6 32.Qa7 Nxf3+ 33.gxf3 Qg8 34.
Rec1 Rbd2 35.Kg2 R2d3 36.Rb7 Rd1 37.Rcc7 Re1 38.h4 1-0

[Event "Xtracon Chess Open 2018"]
[Site "Elsinore"]
[Date "2018.07.26"]
[Round "7"]
[White "Notkevich, Benjamin Arvola"]
[Black "Moradiabadi, Elshan"]
[Result "1-0"]
[WhiteElo "2471"]
[BlackElo "2538"]
[EventDate "2018.07.21"]
[WhiteFideId "1506536"]
[BlackFideId "12501255"]

1.e4 e6 2.d4 d5 3.Nc3 Bb4 4.e5 c5 5.a3 Ba5 6.b4 cxd4 7.Nb5 Bc7 8.f4 Bd7 9.
Nf3 Bxb5 10.Bxb5+ Nc6 11.Bxc6+ bxc6 12.Nxd4 Ne7 13.Be3 Bb6 14.Qd2 c5 15.
Nb5 O-O 16.bxc5 Ba5 17.c3 Rb8 18.a4 a6 19.Nd6 Rb3 20.Rc1 Qd7 21.O-O Rfb8 
22.Qd3 g6 23.Bd4 Qc6 24.g4 Rb2 25.f5 exf5 26.gxf5 Qd7 27.e6 fxe6 28.f6 e5 
29.Bxe5 Nc6 30.Qxd5+ Kf8 31.Bf4 1-0

[Event "Xtracon Chess Open 2018"]
[Site "Elsinore"]
[Date "2018.07.26"]
[Round "7"]
[White "Rasmussen, Allan Stig"]
[Black "Aagaard, Jacob"]
[Result "1-0"]
[WhiteElo "2536"]
[BlackElo "2482"]
[EventDate "2018.07.21"]
[WhiteFideId "1406000"]
[BlackFideId "1401815"]

1.d4 Nf6 2.c4 e6 3.Nf3 d5 4.e3 c5 5.cxd5 exd5 6.Bb5+ Nc6 7.O-O Bd6 8.dxc5 
Bxc5 9.Nc3 O-O 10.b3 a6 11.Bxc6 bxc6 12.Bb2 Bg4 13.Rc1 Bd6 14.Ne2 Rc8 15.
Ne5 Qa5 16.Nxg4 Nxg4 17.Nd4 Bxh2+ 18.Kh1 h5 19.Nxc6 Rxc6 20.Rxc6 d4 21.
Qxd4 Be5 22.Bc3 Qxa2 23.Qd2 Qxb3 24.Rc5 Bxc3 25.Qxc3 Qa4 26.Kg1 g6 27.f3 
Nh6 28.e4 Kh7 29.Ra1 Qd7 30.Rc7 Qd6 31.Rc6 Qf4 32.Rcxa6 h4 33.Ra8 Rxa8 34.
Rxa8 Ng8 35.Qc8 Qe3+ 36.Kh2 Qf4+ 37.Kh1 Kh6 38.Qf8+ 1-0

[Event "Xtracon Chess Open 2018"]
[Site "Elsinore"]
[Date "2018.07.26"]
[Round "7"]
[White "Jobava, Baadur"]
[Black "Korley, Kassa"]
[Result "1-0"]
[WhiteElo "2644"]
[BlackElo "2443"]
[EventDate "2018.07.21"]
[WhiteFideId "13601520"]
[BlackFideId "2033801"]

1.b3 d5 2.Bb2 Bg4 3.f3 Bh5 4.e3 Nc6 5.Bb5 f6 6.Ne2 e6 7.Bxc6+ bxc6 8.O-O 
Bd6 9.d4 c5 10.c3 Bf7 11.Ba3 Qe7 12.Qd3 a6 13.Rc1 e5 14.Ng3 Nh6 15.Nd2 O-O
16.dxc5 Bxc5 17.Bxc5 Qxc5 18.c4 e4 19.fxe4 dxc4 20.Nxc4 Rad8 21.Qe2 Be6 
22.Nd2 Qb6 23.Nf3 Ng4 24.Rc3 c5 25.Rac1 Rc8 26.h3 Ne5 27.Nxe5 fxe5 28.Nf5 
Rc7 29.Rd3 c4 30.Rd6 cxb3 31.Rxb6 Rxc1+ 32.Kh2 bxa2 33.Rb7 Rh1+ 34.Kg3 Kh8
35.Qg4 1-0

[Event "Xtracon Chess Open 2018"]
[Site "Elsinore"]
[Date "2018.07.26"]
[Round "7"]
[White "Sawatzki, Frank"]
[Black "Andreikin, Dmitry"]
[Result "0-1"]
[WhiteElo "2380"]
[BlackElo "2702"]
[EventDate "2018.07.21"]
[WhiteFideId "4613600"]
[BlackFideId "4158814"]

1.e4 c5 2.Nf3 e6 3.d4 cxd4 4.Nxd4 a6 5.Bd3 Ne7 6.O-O Nbc6 7.Nb3 g6 8.Nc3 
Bg7 9.Be3 d5 10.Bc5 b6 11.Ba3 O-O 12.exd5 exd5 13.Ne2 Re8 14.Bxe7 Qxe7 15.
c3 Bg4 16.f3 Qe3+ 17.Kh1 Ne5 18.Nec1 Bd7 19.Nd4 Re7 20.a4 Nc4 21.Bxc4 dxc4
22.a5 Rb8 23.axb6 Rxb6 24.Ra2 Bxd4 25.Qxd4 Qxd4 26.cxd4 Be6 27.Kg1 Rd7 28.
Rd1 c3 29.b3 Rxb3 30.Nxb3 Bxb3 31.Raa1 Bxd1 32.Rxd1 c2 33.Rc1 Rc7 34.Kf2 
Kf8 35.Ke3 Ke7 36.Kd3 Kd6 0-1

[Event "Xtracon Chess Open 2018"]
[Site "Elsinore"]
[Date "2018.07.26"]
[Round "7"]
[White "Grandelius, Nils"]
[Black "Aabling-Thomsen, Jakob"]
[Result "1-0"]
[WhiteElo "2668"]
[BlackElo "2379"]
[EventDate "2018.07.21"]
[WhiteFideId "1710400"]
[BlackFideId "1407589"]

1.e4 e5 2.Nf3 Nc6 3.Bb5 a6 4.Ba4 d6 5.c3 Bd7 6.d4 g6 7.O-O Bg7 8.Re1 Nf6 
9.h3 O-O 10.Bc2 h6 11.Nbd2 Nh5 12.Nf1 Re8 13.Be3 Qf6 14.N1h2 Kh7 15.Qd2 
Qe7 16.Rad1 Rad8 17.b4 Qf8 18.dxe5 dxe5 19.Qc1 Be6 20.a4 Rxd1 21.Rxd1 Rd8 
22.Rxd8 Nxd8 23.Qd2 Qe7 24.Ng4 Bxg4 25.hxg4 Nf6 26.g5 Ng4 27.gxh6 Bxh6 28.
Bxh6 Nxh6 29.a5 Ng4 30.Ba4 Kg7 31.Kf1 c6 32.Bb3 Ne6 33.g3 Nc7 34.Qg5 Qxg5 
35.Nxg5 Nh6 36.Ke2 Kf8 37.f4 exf4 38.gxf4 Ke7 39.e5 f6 40.exf6+ Kxf6 41.
Ne4+ Ke7 42.Nc5 Nb5 43.Nxb7 Nxc3+ 44.Kd3 Nb5 45.Nc5 Ng4 46.Nxa6 Nf2+ 47.
Ke3 Ng4+ 48.Kf3 Nf6 49.Bc4 Nd4+ 50.Kf2 Ng4+ 51.Kg3 Ne3 52.Bd3 Nd5 53.Nc5 
Nxb4 54.a6 Nd5 55.Bxg6 Kd6 56.a7 Nb6 57.Na4 Na8 58.Bd3 Kc7 59.Ba6 Nb5 60.
Bxb5 cxb5 61.Nc3 Kb6 62.f5 Kxa7 63.Nd5 b4 64.f6 b3 65.f7 1-0

[Event "Xtracon Chess Open 2018"]
[Site "Elsinore"]
[Date "2018.07.26"]
[Round "7"]
[White "Tari, Aryan"]
[Black "Tryggestad, Andreas Garberg"]
[Result "1-0"]
[WhiteElo "2615"]
[BlackElo "2302"]
[EventDate "2018.07.21"]
[WhiteFideId "1510045"]
[BlackFideId "1513338"]

1.e4 c5 2.Nf3 e6 3.d4 cxd4 4.Nxd4 Nc6 5.Nc3 Qc7 6.Be3 Nf6 7.f4 Bb4 8.Nb5 
Qa5 9.e5 Nd5 10.Bd2 Nxc3 11.Bxc3 O-O 12.Qd2 f6 13.exf6 Rxf6 14.Nd6 Bxc3 
15.bxc3 b6 16.Bd3 Ba6 17.O-O Bxd3 18.Qxd3 Raf8 19.g3 Qc5+ 20.Rf2 Ne5 21.
Qd4 Qxd4 22.cxd4 Nf7 23.Nb5 a6 24.Nc7 g5 25.Nxa6 gxf4 26.gxf4 Nd6 27.Raf1 
Nb5 28.d5 Nc3 29.dxe6 dxe6 30.Nb4 Rxf4 31.Rxf4 Ne2+ 32.Kf2 Nxf4 33.Rg1+ 
Kf7 34.Ke3 Ke7 35.Rg7+ Kd6 36.Rxh7 Nd5+ 37.Nxd5 Kxd5 38.Rh4 Rf1 39.a4 Ra1 
40.Kd3 Ra3+ 41.c3 Ra2 42.Rd4+ Kc5 43.h4 Rh2 44.Rg4 Rh3+ 45.Ke4 Rxc3 46.Ke5
Re3+ 47.Re4 Rf3 48.Kxe6 Rf1 49.Rg4 Rf2 50.Ke5 Rf1 51.Rf4 1-0

[Event "Xtracon Chess Open 2018"]
[Site "Elsinore"]
[Date "2018.07.26"]
[Round "7"]
[White "Haubro, Martin"]
[Black "Andersen, Mads"]
[Result "0-1"]
[WhiteElo "2373"]
[BlackElo "2597"]
[EventDate "2018.07.21"]
[WhiteFideId "1414291"]
[BlackFideId "1413864"]

1.e4 c5 2.Nf3 d6 3.c3 Nf6 4.Be2 g6 5.O-O Bg7 6.Bb5+ Nc6 7.Re1 O-O 8.d4 Qb6
9.Na3 cxd4 10.cxd4 d5 11.e5 Ne4 12.Be3 a6 13.Bxc6 bxc6 14.Re2 f6 15.Rc1 
Bd7 16.Ne1 Ng5 17.Bxg5 fxg5 18.Qd2 Rf4 19.Nac2 a5 20.Nd3 Rf5 21.Nc5 Bc8 
22.Ne1 g4 23.Ned3 h5 24.Rc3 Kh7 25.Rb3 Qc7 26.Ra3 Bh6 27.Qe1 Ra7 28.b4 
axb4 29.Rxa7 Qxa7 30.Qxb4 Rf8 31.Rb2 h4 32.a4 g3 33.hxg3 hxg3 34.f3 Bf5 
35.Kf1 Ra8 36.Ke2 Qc7 37.Qb7 Qd8 38.Qxc6 Kh8 39.Nb7 Qf8 40.Ndc5 Bc1 41.Ra2
Qh6 42.Qb5 Qh1 0-1

[Event "Xtracon Chess Open 2018"]
[Site "Elsinore"]
[Date "2018.07.26"]
[Round "7"]
[White "Roy, Prantik"]
[Black "Urkedal, Frode Olav Olsen"]
[Result "1-0"]
[WhiteElo "2347"]
[BlackElo "2552"]
[EventDate "2018.07.21"]
[WhiteFideId "5035120"]
[BlackFideId "1506102"]

1.Nf3 Nf6 2.c4 e6 3.g3 d5 4.Bg2 Be7 5.O-O O-O 6.b3 c5 7.Bb2 b6 8.d4 Bb7 9.
cxd5 Nxd5 10.Nc3 Nxc3 11.Bxc3 Nd7 12.Rc1 Rc8 13.Re1 Nf6 14.Bb2 Be4 15.Ne5 
Bxg2 16.Kxg2 Qd5+ 17.f3 Qa8 18.dxc5 Rfd8 19.Nd3 Nd5 20.Qd2 bxc5 21.Ba3 h6 
22.h4 Nb4 23.Bxb4 cxb4 24.Rxc8 Qxc8 25.Rc1 Qa6 26.Rc4 Qa5 27.Qc2 g6 28.Nf4
Kg7 29.h5 gxh5 30.Rc7 Qg5 31.Nxh5+ Kg8 32.Nf4 Bd6 33.Rc4 Kh8 34.Qe4 Bxf4 
35.Qxf4 Qxf4 36.Rxf4 Rd2 37.Kf2 a5 38.Rxf7 Rxa2 39.Ra7 Ra3 40.g4 Kg8 41.f4
Rxb3 42.Rxa5 Kf7 43.Ra7+ Kf6 44.Rb7 Rb1 45.Rb6 Ke7 46.f5 exf5 47.gxf5 h5 
48.e4 b3 49.e5 b2 50.Rb7+ Ke8 51.Rb8+ Ke7 52.f6+ Ke6 53.Rb6+ Kf7 54.Rb7+ 
Kg6 55.f7 Kg7 56.e6 Rh1 57.Rb8 1-0

[Event "Xtracon Chess Open 2018"]
[Site "Elsinore"]
[Date "2018.07.26"]
[Round "7"]
[White "Chittka, Julius"]
[Black "Venkataraman, Karthik"]
[Result "0-1"]
[WhiteElo "2333"]
[BlackElo "2514"]
[EventDate "2018.07.21"]
[WhiteFideId "12954772"]
[BlackFideId "25006479"]

1.Nf3 c5 2.e4 d6 3.c3 Nf6 4.Be2 Bd7 5.e5 dxe5 6.Nxe5 Nc6 7.Nxd7 Qxd7 8.O-O
e6 9.a4 Be7 10.Na3 O-O 11.Nc4 Rfd8 12.d3 Nd5 13.Qb3 b6 14.Bf3 Rab8 15.g3 
a6 16.Bg2 b5 17.axb5 axb5 18.Ne3 Nf6 19.Rd1 Qc7 20.Nf1 Nd5 21.Ne3 Nf6 22.
Nf1 h6 23.Ra6 Rb6 24.Qa2 Qb7 25.Rxb6 Qxb6 26.Be3 Nd5 27.Qb3 Bf6 28.Bd2 Ne5
29.Be4 Be7 30.Qc2 Qa6 31.Be3 Nc6 32.Qe2 b4 33.c4 Nxe3 34.fxe3 f5 35.Bxc6 
Qxc6 36.Nd2 Qa4 37.e4 Bf6 38.b3 Qa2 39.e5 Be7 40.Kf2 Qc2 41.Nf3 Qxb3 42.
Ke3 Ra8 43.Rd2 Qc3 44.Rc2 Qa1 45.Qe1 Bg5+ 46.Ke2 b3 0-1

[Event "Xtracon Chess Open 2018"]
[Site "Elsinore"]
[Date "2018.07.26"]
[Round "7"]
[White "Ochsner, Bjorn Moller"]
[Black "Goff, Ronan Le"]
[Result "1-0"]
[WhiteElo "2469"]
[BlackElo "2295"]
[EventDate "2018.07.21"]
[WhiteFideId "1416928"]
[BlackFideId "612073"]

1.c4 e6 2.Nc3 d5 3.d4 Nf6 4.Nf3 Be7 5.Bf4 O-O 6.e3 b6 7.Rc1 Bb7 8.cxd5 
Nxd5 9.Nxd5 Qxd5 10.a3 c5 11.Bc4 Qh5 12.Be2 Qd5 13.O-O Nd7 14.dxc5 Nxc5 
15.b4 Ne4 16.Qa4 Rfc8 17.Rcd1 Nc3 18.Rxd5 Nxa4 19.Rd7 Nc3 20.Bd3 Bxf3 21.
gxf3 Rd8 22.Rxd8+ Rxd8 23.Ba6 Bf6 24.Rc1 Nd5 25.Bg3 h5 26.h3 g6 27.e4 Ne7 
28.Rc7 Rd1+ 29.Kg2 e5 30.Rxa7 Nc6 31.Rc7 Nd8 32.Bc4 h4 33.Bh2 g5 34.Bd5 
Rd3 35.a4 Ra3 36.a5 bxa5 37.b5 Ra4 38.b6 Rb4 39.b7 Kg7 40.Rd7 Kg6 41.Rxd8 
1-0

[Event "Xtracon Chess Open 2018"]
[Site "Elsinore"]
[Date "2018.07.26"]
[Round "7"]
[White "Jacobsen, Mikkel Manosri"]
[Black "Salomon, Johan"]
[Result "1/2-1/2"]
[WhiteElo "2320"]
[BlackElo "2462"]
[EventDate "2018.07.21"]
[WhiteFideId "1444514"]
[BlackFideId "1509500"]

1.d4 Nf6 2.c4 e6 3.Nf3 d5 4.Nc3 c6 5.e3 Nbd7 6.Qc2 Qc7 7.cxd5 exd5 8.Bd3 
Bd6 9.Bd2 a6 10.h3 Nf8 11.Na4 Ng6 12.g4 Be6 13.Nc5 Nf8 14.Ne5 Bxc5 15.Qxc5
N8d7 16.Qa3 Nxe5 17.dxe5 Qxe5 18.Bc3 Qg5 19.O-O-O d4 20.Bxd4 Qd5 21.Bc2 
Qb5 22.g5 Qxg5 1/2-1/2

[Event "Xtracon Chess Open 2018"]
[Site "Elsinore"]
[Date "2018.07.26"]
[Round "7"]
[White "Rydstrom, Tom"]
[Black "Mu, Ke"]
[Result "1/2-1/2"]
[WhiteElo "2307"]
[BlackElo "2455"]
[EventDate "2018.07.21"]
[WhiteFideId "1714830"]
[BlackFideId "8602778"]

1.e4 e6 2.d4 d5 3.Nc3 Bb4 4.e5 c5 5.a3 Bxc3+ 6.bxc3 Ne7 7.Qg4 O-O 8.Bd3 f5
9.exf6 Rxf6 10.Bg5 Rf7 11.Qh4 h6 12.Bd2 Nbc6 13.Nf3 c4 14.Be2 Qf8 15.O-O 
Nf5 16.Qh5 Nd6 17.Ne5 Nxe5 18.Qxe5 Ne4 19.Be1 Bd7 20.f3 Nd6 21.Qe3 Re8 22.
Bg3 Nf5 23.Qd2 Nxg3 24.hxg3 Qd6 25.f4 Ref8 26.Qe3 Rf6 27.Bg4 Rg6 28.Bh5 
Rgf6 29.Bg4 Rg6 30.Bh5 Rgf6 1/2-1/2

[Event "Xtracon Chess Open 2018"]
[Site "Elsinore"]
[Date "2018.07.26"]
[Round "7"]
[White "Laustsen, Lars"]
[Black "Holm, Kristian Stuvik"]
[Result "0-1"]
[WhiteElo "2219"]
[BlackElo "2453"]
[EventDate "2018.07.21"]
[WhiteFideId "1407554"]
[BlackFideId "1508083"]

1.d4 Nf6 2.c4 c5 3.d5 b5 4.cxb5 a6 5.bxa6 g6 6.Nc3 Bg7 7.e4 O-O 8.Nf3 Qa5 
9.Bd2 Bxa6 10.Bxa6 Qxa6 11.Qe2 e6 12.Qxa6 Nxa6 13.O-O exd5 14.e5 Ne4 15.
Nxe4 dxe4 16.Ng5 Bxe5 17.Nxe4 Bxb2 18.Rab1 Bd4 19.Nd6 Rfb8 20.Be3 Rxb1 21.
Rxb1 Bxe3 22.fxe3 Nb4 23.Ne4 Nd3 24.Nf6+ Kg7 25.Nxd7 c4 0-1

[Event "Xtracon Chess Open 2018"]
[Site "Elsinore"]
[Date "2018.07.26"]
[Round "7"]
[White "Antonsen, Mikkel"]
[Black "Salles, Louis"]
[Result "1/2-1/2"]
[WhiteElo "2452"]
[BlackElo "2227"]
[EventDate "2018.07.21"]
[WhiteFideId "1401378"]
[BlackFideId "20641826"]

1.d4 Nf6 2.c4 c5 3.d5 e6 4.Nc3 exd5 5.cxd5 d6 6.e4 g6 7.Nge2 Bg7 8.Ng3 O-O
9.Be2 a6 10.a4 Nbd7 11.O-O Re8 12.Bf4 h5 13.Bg5 Qc7 14.f4 c4 15.Kh1 Rb8 
16.Bh4 b5 17.axb5 axb5 18.e5 dxe5 19.f5 e4 20.Rc1 Ba6 21.b3 Rb6 22.Bg5 Nc5
23.bxc4 bxc4 24.fxg6 fxg6 25.Na4 Nxa4 26.Qxa4 Bb5 27.d6 Qxd6 28.Bxc4+ Bxc4
29.Rxf6 Re6 30.Qxc4 Bxf6 31.Nxe4 Qc6 32.Nxf6+ Kg7 33.Qf4 Rxf6 34.Bxf6+ 
Qxf6 35.Rc7+ Kg8 36.Rc8+ Kg7 37.Qc7+ Kh6 38.Qc1+ Kg7 39.Rc7+ Kg8 40.h3 Ra6
41.Qc4+ Kh8 42.Rc8+ Kg7 43.Rc7+ Kh8 44.Rc8+ Kg7 45.Qg8+ Kh6 46.Qh8+ Qxh8 
47.Rxh8+ Kg5 1/2-1/2

[Event "Xtracon Chess Open 2018"]
[Site "Elsinore"]
[Date "2018.07.26"]
[Round "7"]
[White "Lindgren, Philip"]
[Black "Ingebretsen, Jens E"]
[Result "1/2-1/2"]
[WhiteElo "2394"]
[BlackElo "2138"]
[EventDate "2018.07.21"]
[WhiteFideId "1713230"]
[BlackFideId "1522965"]

1.d4 Nf6 2.c4 e6 3.g3 d5 4.Nf3 Be7 5.Bg2 O-O 6.O-O dxc4 7.Qc2 a6 8.Qxc4 b5
9.Qc2 Bb7 10.Bd2 Be4 11.Qc1 Qc8 12.Bg5 Nbd7 13.Nbd2 Bb7 14.Nb3 h6 15.Bxf6 
Bxf6 16.Qe3 Nb6 17.Rac1 Nc4 18.Qc3 Rd8 19.e3 Be7 20.Rfd1 a5 21.Nc5 Bd5 22.
b3 Bxc5 23.dxc5 b4 24.Qe1 Nb2 25.Rd2 Bxf3 26.Rxb2 Bxg2 27.Kxg2 Qd7 28.c6 
Qd5+ 29.e4 Qd4 30.Qe2 Qd3 31.Rc4 Qxe2 32.Rxe2 Kf8 33.Rec2 Ke7 34.Rc5 Ra6 
35.e5 f6 36.f4 fxe5 37.fxe5 Rd5 38.Kf3 a4 39.Ke4 axb3 40.axb3 Ra3 41.Rxd5 
exd5+ 42.Kxd5 Rxb3 43.Kc4 Rb1 44.Kb5 Ke6 45.Ka6 b3 46.Re2 Rc1 47.Kb7 Rc2 
48.Re3 b2 49.Rb3 Kxe5 50.Kxc7 Kd5 51.Kd7 Rxc6 52.Rxb2 Ra6 53.Ke7 Ra7+ 54.
Kf8 Ke5 55.Rf2 g6 56.Kg8 h5 57.Rf3 g5 58.Rf2 Rb7 59.Kf8 Ke4 60.Kg8 Rb3 61.
Kg7 Rf3 62.Rxf3 Kxf3 63.Kg6 h4 64.Kxg5 h3 65.g4 Kg2 66.Kf4 Kxh2 67.g5 Kg1 
68.g6 h2 69.g7 h1=Q 70.g8=Q+ Qg2 71.Qxg2+ Kxg2 72.Ke5 1/2-1/2

[Event "Xtracon Chess Open 2018"]
[Site "Elsinore"]
[Date "2018.07.26"]
[Round "7"]
[White "Bosiocic, Marin"]
[Black "Hoeffer, David"]
[Result "1-0"]
[WhiteElo "2589"]
[BlackElo "2252"]
[EventDate "2018.07.21"]
[WhiteFideId "14507927"]
[BlackFideId "24606766"]

1.e4 e5 2.Nf3 Nc6 3.Bb5 Bc5 4.c3 f5 5.d4 fxe4 6.Bxc6 dxc6 7.Nxe5 Bd6 8.
Qh5+ g6 9.Qe2 Bf5 10.Bf4 Qh4 11.Qe3 Ne7 12.Bg5 Qh5 13.Bxe7 Bxe5 14.dxe5 
Kxe7 15.Nd2 Rad8 16.Nxe4 Bxe4 17.Qxe4 Rd5 18.O-O b6 19.Qa4 Rhd8 20.Qxc6 
Rxe5 21.Qxc7+ Rd7 22.Qb8 Kf7 23.h3 Qe2 24.Qh8 Rd2 25.Qxh7+ Kf6 26.Qxa7 
Rxb2 27.Rad1 Re6 28.Qh7 Qc4 29.Qh8+ Kg5 30.f4+ Kf5 31.g4+ 1-0

[Event "Xtracon Chess Open 2018"]
[Site "Elsinore"]
[Date "2018.07.26"]
[Round "7"]
[White "Heimisson, Hilmir Freyr"]
[Black "Grigorov, Grigor"]
[Result "1/2-1/2"]
[WhiteElo "2241"]
[BlackElo "2506"]
[EventDate "2018.07.21"]
[WhiteFideId "2309998"]
[BlackFideId "2907313"]

1.Nf3 Nf6 2.d4 e6 3.c4 b6 4.g3 Ba6 5.Qc2 c5 6.d5 exd5 7.cxd5 g6 8.e4 Bxf1 
9.Kxf1 d6 10.Nc3 Bg7 11.Qa4+ Qd7 12.Qxd7+ Kxd7 13.e5 Ne8 14.Bf4 dxe5 15.
Nxe5+ Bxe5 16.Bxe5 f6 17.Bxb8 Rxb8 18.Re1 Nd6 19.Re6 f5 20.Kg2 Rhe8 21.
Rhe1 Rxe6 22.dxe6+ Kc6 23.Kf3 b5 24.Kf4 b4 25.Nd1 Rd8 26.Kg5 Re8 27.f3 Kd5
28.Kf6 c4 29.Ne3+ Kc5 30.Rc1 Kd4 31.Rd1+ Kxe3 32.Rxd6 c3 33.bxc3 bxc3 34.
Rc6 Kd2 35.Kf7 Rb8 36.e7 c2 37.Rd6+ Kc3 38.Rc6+ Kb2 39.e8=Q Rxe8 40.Kxe8 
c1=Q 41.Rxc1 Kxc1 42.Kf7 Kb2 43.Kg7 Kxa2 44.Kxh7 a5 45.g4 fxg4 46.f4 Kb3 
1/2-1/2